书目信息 |
| 题名: |
中国传记文学发展史
|
|
| 作者: | 陈兰村 主编 | |
| 分册: | ||
| 出版信息: | 北京 语文出版社 1999 |
|
| 页数: | 494页 | |
| 开本: | 20cm | |
| 丛书名: | ||
| 单 册: | ||
| 中图分类: | I207.5 | |
| 科图分类: | ||
| 主题词: | 传记文学 | |
| 电子资源: | ||
| ISBN: | 7-80126-418-5 | |
| 000 | 00560nam0 2200193 45 | |
| 001 | 0310262046 | |
| 005 | 20031219104120.9 | |
| 010 | @a7-80126-418-5@dCNY27.50 | |
| 100 | @a20031026d1999 km y0chiy0120 ea | |
| 101 | 0 | @achi |
| 105 | @a z 000yy | |
| 200 | 1 | @a中国传记文学发展史@AZhong Guo Zhuan Ji Wen Xue Fa Zhan Shi@f陈兰村主编@FChen Lan Cun Zhu Bian |
| 210 | @a北京@c语文出版社@d1999 | |
| 215 | @a494页@d20cm | |
| 606 | 0 | @a传记文学 |
| 690 | @aI207.5@v4 | |
| 701 | @a陈兰村@4主编 | |
| 801 | @aCN@bTSTC@c20031026 | |
| 905 | @a213230@b327579@dI207.5@e378@f1 | |
| 中国传记文学发展史/陈兰村主编.-北京:语文出版社,1999 |
| 494页;20cm |
| ISBN 7-80126-418-5:CNY27.50 |
| ● |
| 相关链接 |
|
|
|
|
正题名:中国传记文学发展史
索取号:I207.5/378
 
预约/预借
| 序号 | 登录号 | 条形码 | 馆藏地/架位号 | 状态 | 备注 |
| 1 | 0327579 | 203275794 | 第一样本阅览室/ [索取号:I207.5/378] | 在馆 |